000 01330cam a2200349 i 4500
001 42282
003 Mx-PuUPA
005 20260410085950.0
008 140415s2022 mx a gr 000 0 spa d
020 _cen trámite
040 _aMx-PuUPA
_bspa
_cMx-PuUPA
_dMx-PuUPA
_erda
041 0 _aspa
100 1 _aPérez Lizaur, Ana Bertha,
_eautor
_98259
245 1 0 _aSistema mexicano de alimentos equivalentes /
_cautoras, Ana Bertha Pérez Lizaur, Berenice Palacios González
246 3 _asmae
250 _aQuinta edición
264 1 _aCiudad de México :
_bFomento de Nutrición y Salud,
_c2022
300 _a203 páginas :
_bilustraciones, tablas ;
_c28 cm
336 _2rdacontent
_atexto
_btxt
337 _2rdamedia
_asin medio
_bn
338 _2rdacarrier
_avolumen
_bnc
650 7 _2armarc
_aSistema mexicano de alimentos equivalentes
650 7 _2armarc
_aAlimentos dietéticos
_zMéxico
650 7 _2armarc
_aAlimentos
_xTablas, cálculo, etc.,
650 7 _2armarc
_aAlimentos Composición
_zMéxico
650 7 _2armarc
_aNutrición
_zMéxico
700 1 _aPalacios González, Berenice,
_eautor
942 _2ddc
_cLI
_h613.20972
_iP426
999 _c42282
_d42282